000 00621nam a2200193 i 4500
001 38728
003 ES-MaACL
005 20250822063116.0
007 t|
008 030226s1949 fr ||||1| fre d
100 1 _aCalmette, Joseph,
_d1873-1952
_933767
245 1 0 _aTrilogie de l'histoire de France.
_n, . II,
_pL'ère classique /
_cJoseph Calmette.
250 _a[8éme éd.].
260 _aParis :
_bArthème Fayard,
_c1949 (
_eMesnil sur l'Estrée :
_fFirmin Didot)
300 _a799 p. ;
_c23 p.
651 4 _aFrancia-
_xHistoria
_98679
852 _aES-MaACL
_jD-7413
_bR.29943
999 _c38728
_d38728